书目信息 |
| 题名: |
前苏格拉底哲学研究
|
|
| 作者: | 叶秀山 著 | |
| 分册: | ||
| 出版信息: | 北京 人民出版社 1982.06 |
|
| 页数: | 374页 | |
| 开本: | 32开 | |
| 丛书名: | ||
| 单 册: | ||
| 中图分类: | B502.231 | |
| 科图分类: | ||
| 主题词: | 哲学--欧洲 | |
| 电子资源: | ||
| ISBN: | 7-01-002609-2 | |
| 000 | 00552nam0 2200193 45 | |
| 001 | 0009081508 | |
| 005 | 20000908152321.9 | |
| 010 | @a7-01-002609-2@d17.50元 | |
| 100 | @a20000908d1982 km y0chiy0120 ea | |
| 101 | 0 | @achi |
| 105 | @a z 000yy | |
| 200 | 1 | @a前苏格拉底哲学研究@AQian Su Ge La Di Zhe Xue Yan Jiu@f叶秀山著@FYe Xiu Shan Zhu |
| 210 | @a北京@c人民出版社@d1982.06 | |
| 215 | @a374页@d32开 | |
| 606 | 0 | @a哲学@x欧洲 |
| 690 | @aB502.231@v3 | |
| 701 | 0 | @a叶秀山@4著 |
| 801 | @aCN@bPftUser@c20000908 | |
| 905 | @b128718-722@dB502.231@eY798@f5 | |
| 前苏格拉底哲学研究/叶秀山著.-北京:人民出版社,1982.06 |
| 374页;32开 |
| ISBN 7-01-002609-2:17.50元 |
| ● |
| 相关链接 |
|
|
|
正题名:前苏格拉底哲学研究
索取号:B502.231/Y798
 
预约/预借
| 序号 | 登录号 | 条形码 | 馆藏地/架位号 | 状态 | 备注 |
| 1 | 128718 | 201287188 | 社科库509/509社科库 16排4列1层/ [索取号:B502.231/Y798] | 在馆 | |
| 2 | 128719 | 201287197 | 社科库509/422社科库 46排4列1层/ [索取号:B502.231/Y798] | 在馆 | |
| 3 | 128720 | 201287204 | 社科库509/509社科库 16排4列1层/ [索取号:B502.231/Y798] | 在馆 | |
| 4 | 128721 | 201287213 | 社科库509/509社科库 16排4列1层/ [索取号:B502.231/Y798] | 在馆 | |
| 5 | 128722 | 201287222 | 社科库509/422社科库 46排4列1层/ [索取号:B502.231/Y798] | 在馆 |